000
00312nam a22001337a 4500
999
_c
533909
_d
533909
020
_a
1840220627
040
_c
MSOHAIL
082
_a
823.8
100
_a
Adam Bede
_9
27959
245
_a
Four Novels of George Eliot
260
_a
London
_b
Wordsworth Editions Ltd
_c
c2005
300
_a
1421;pxv
942
_2
ddc
_c
BK